The day's work : Kipling and the idea of sacrifice /

Bibliographic Details
Main Author: Coates, John (John D.)
Format: Book
Language:English
Published: Madison : London ; Cranbury, NJ : Fairleigh Dickinson University Press ; Associated University Presses, [1997]
Subjects:

MARC

Tag First Indicator Second Indicator Subfields
LEADER 00000cam a2200000 a 4500
001 in00001402261
005 20151020054120.0
008 970321s1997 njua b 001 0 eng
010 |a  97012975  
020 |a 083863754X (alk. paper) 
035 |a (OCoLC)36640778 
035 |9 AHN0445AM 
040 |a DLC  |c DLC  |d VVC  |d TXA  |d UtOrBLW 
043 |a e-uk--- 
049 |a TXAM 
050 0 0 |a PR4857  |b .C66 1997 
082 0 0 |a 828/.809  |2 21 
100 1 |a Coates, John  |q (John D.) 
245 1 4 |a The day's work :  |b Kipling and the idea of sacrifice /  |c John Coates. 
264 1 |a Madison :  |b Fairleigh Dickinson University Press ;  |a London ;  |a Cranbury, NJ :  |b Associated University Presses,  |c [1997] 
264 4 |c ©1997 
300 |a 136 pages :  |b illustrations ;  |c 24 cm. 
336 |a text  |b txt  |2 rdacontent 
337 |a unmediated  |b n  |2 rdamedia 
338 |a volume  |b nc  |2 rdacarrier 
504 |a Includes bibliographical references (pages 128-133) and index. 
505 0 |a Failure and success of civilizations in Puck of Pook's Hill -- Rewards and fairies : Thor and Tyr, necessary suffering, and the battle against disorder -- Rewards and fairies : loyalty and sacrifice -- Religious crosscurrents in "The house surgeon" -- The redemption theme in Limits and renewals -- The limits of knowledge : "The eye of Allah" -- Kipling's valediction to art : "proofs of holy writ". 
600 1 0 |a Kipling, Rudyard,  |d 1865-1936  |x Criticism and interpretation. 
650 0 |a Psychological fiction, English  |x History and criticism. 
650 0 |a Didactic fiction, English  |x History and criticism. 
650 0 |a Sacrifice in literature. 
650 0 |a Order in literature. 
948 |a c:rd 
999 |a MARS 
999 f f |s 83d55860-6617-30d4-bae4-9736b34acd72  |i 12e6623b-ce08-324b-b26c-9e837729ed89  |t 0 
952 f f |p normal  |a Texas A&M University  |b College Station  |c Sterling C. Evans Library  |d Evans: Library Stacks  |t 0  |e PR4857 .C66 1997  |h Library of Congress classification  |i unmediated -- volume  |m A14822403776 
998 f f |a PR4857 .C66 1997  |t 0  |l Evans: Library Stacks